000 00630nam a2200193Ia 4500
003 GCL
008 140319s9999 xx 000 0 ara d
040 _aGCL /
_cGCL
082 0 4 _a811.9
_bا م
100 1 _aمحمد عنانى
245 1 0 _aمختارات من ديوان النيروز الحر /
_cمحمد عنانى
700 1 _aاحمد زكى ابوشادى
300 _a114 ص
490 _aسلسلة مكتبة الاسرة
_v0
650 0 4 _aالادب العربى
650 0 4 _aالشعر العربى - تاريخ ونقد
650 0 4 _aالشعر العربى - دواوين وقصائد
942 _2ddc
_cBK
999 _c50167
_d50167